[Event "World Chess Olympiad 2018"]
[Site "Batumi"]
[Date "2018.09.26"]
[Round "3"]
[Board "2"]
[WhiteFideId "7900309"]
[White "Rizouk Aimen"]
[BlackFideId "605506"]
[Black "Bacrot Etienne"]
[Result "0-1"]
[LiveChessVersion "1.4.8"]
[BlackElo "2678"]
[WhiteElo "2445"]

1. e4 {[%clk 1:30:55]} c5 {[%clk 1:30:54]} 2. Nf3 {[%clk 1:31:13]} d6
{[%clk 1:31:18]} 3. d4 {[%clk 1:31:18]} cxd4 {[%clk 1:31:40]} 4. Nxd4
{[%clk 1:31:43]} Nf6 {[%clk 1:32:04]} 5. Nc3 {[%clk 1:32:06]} Nc6
{[%clk 1:32:30]} 6. Bg5 {[%clk 1:32:16]} e6 {[%clk 1:32:47]} 7. Qd2
{[%clk 1:32:33]} a6 {[%clk 1:33:00]} 8. O-O-O {[%clk 1:32:44]} Bd7
{[%clk 1:33:20]} 9. f3 {[%clk 1:32:21]} Nxd4 {[%clk 1:33:21]} 10. Qxd4
{[%clk 1:32:46]} Be7 {[%clk 1:33:44]} 11. Kb1 {[%clk 1:32:06]} b5
{[%clk 1:27:58]} 12. Be3 {[%clk 1:28:18]} h5 {[%clk 1:12:07]} 13. Qd2
{[%clk 1:13:06]} b4 {[%clk 1:01:34]} 14. Ne2 {[%clk 1:13:06]} a5 {[%clk 1:01:58]}
15. Nd4 {[%clk 1:11:21]} Qb8 {[%clk 1:00:21]} 16. Bc4 {[%clk 1:01:57]} O-O
{[%clk 0:58:21]} 17. Qe2 {[%clk 1:01:36]} Rc8 {[%clk 0:56:18]} 18. h3
{[%clk 0:51:06]} Qc7 {[%clk 0:47:19]} 19. Ba6 {[%clk 0:44:12]} Rcb8
{[%clk 0:42:13]} 20. g4 {[%clk 0:43:50]} a4 {[%clk 0:41:55]} 21. g5
{[%clk 0:43:24]} Nh7 {[%clk 0:41:10]} 22. g6 {[%clk 0:30:46]} fxg6
{[%clk 0:39:43]} 23. Bc4 {[%clk 0:30:47]} Nf8 {[%clk 0:38:05]} 24. f4
{[%clk 0:30:36]} Rc8 {[%clk 0:35:13]} 25. b3 {[%clk 0:25:50]} Ra5
{[%clk 0:30:25]} 26. f5 {[%clk 0:13:21]} d5 {[%clk 0:29:06]} 27. exd5
{[%clk 0:13:05]} exd5 {[%clk 0:29:28]} 28. Bd3 {[%clk 0:13:15]} Bf6
{[%clk 0:26:42]} 29. fxg6 {[%clk 0:12:27]} Qc3 {[%clk 0:21:34]} 30. Rhf1
{[%clk 0:08:54]} a3 {[%clk 0:19:38]} 0-1

[Event "World Chess Olympiad 2018"]
[Site "Batumi"]
[Date "2018.09.26"]
[Round "3"]
[Board "3"]
[WhiteFideId "608742"]
[White "Fressinet Laurent"]
[BlackFideId "7900872"]
[Black "Arab Adlane"]
[Result "1/2-1/2"]
[LiveChessVersion "1.4.8"]
[BlackElo "2482"]
[WhiteElo "2649"]

1. d4 {[%clk 1:30:56]} Nf6 {[%clk 1:30:51]} 2. c4 {[%clk 1:31:21]} e6
{[%clk 1:31:13]} 3. Nc3 {[%clk 1:31:46]} d5 {[%clk 1:31:14]} 4. cxd5
{[%clk 1:31:58]} exd5 {[%clk 1:31:29]} 5. Bg5 {[%clk 1:32:14]} Be7
{[%clk 1:31:17]} 6. e3 {[%clk 1:32:30]} c6 {[%clk 1:31:17]} 7. Bd3
{[%clk 1:32:31]} Nbd7 {[%clk 1:30:55]} 8. Nge2 {[%clk 1:32:24]} h6
{[%clk 1:30:31]} 9. Bh4 {[%clk 1:32:11]} Nh5 {[%clk 1:29:07]} 10. Bxe7
{[%clk 1:31:40]} Qxe7 {[%clk 1:29:32]} 11. Qd2 {[%clk 1:30:13]} Nb6
{[%clk 1:28:20]} 12. O-O {[%clk 1:25:16]} O-O {[%clk 1:22:00]} 13. Rae1
{[%clk 1:23:57]} Be6 {[%clk 1:17:27]} 14. f3 {[%clk 1:20:24]} Rad8
{[%clk 1:14:41]} 15. g4 {[%clk 1:16:08]} Nf6 {[%clk 1:15:02]} 16. Nf4
{[%clk 1:14:30]} Rfe8 {[%clk 1:10:15]} 17. Qg2 {[%clk 1:07:12]} Nh7
{[%clk 1:01:10]} 18. Qg3 {[%clk 1:03:25]} Nf8 {[%clk 0:55:23]} 19. h4
{[%clk 0:56:17]} f6 {[%clk 0:54:38]} 20. Kf2 {[%clk 0:41:55]} Bf7
{[%clk 0:50:55]} 21. Rh1 {[%clk 0:39:54]} c5 {[%clk 0:43:01]} 22. Bb5
{[%clk 0:35:56]} Nfd7 {[%clk 0:41:01]} 23. g5 {[%clk 0:31:34]} fxg5
{[%clk 0:27:43]} 24. hxg5 {[%clk 0:31:55]} Qxg5 {[%clk 0:28:06]} 25. Qxg5
{[%clk 0:31:29]} hxg5 {[%clk 0:28:31]} 26. Nh3 {[%clk 0:31:15]} g4
{[%clk 0:24:40]} 27. fxg4 {[%clk 0:20:15]} a6 {[%clk 0:17:46]} 28. Bxd7
{[%clk 0:15:49]} Nxd7 {[%clk 0:17:38]} 29. Ng5 {[%clk 0:14:05]} Bg6
{[%clk 0:11:29]} 30. Nxd5 {[%clk 0:09:53]} Ne5 {[%clk 0:07:31]} 31. Nf4
{[%clk 0:08:47]} cxd4 {[%clk 0:07:20]} 32. exd4 {[%clk 0:09:08]} Nxg4+
{[%clk 0:07:29]} 33. Kf3 {[%clk 0:05:42]} Bf5 {[%clk 0:07:41]} 34. d5
{[%clk 0:03:58]} Nf6 {[%clk 0:06:24]} 35. Rxe8+ {[%clk 0:03:14]} Rxe8
{[%clk 0:06:45]} 36. Rc1 {[%clk 0:03:33]} Re5 {[%clk 0:05:28]} 37. Kf2
{[%clk 0:02:59]} 1/2-1/2

[Event "World Chess Olympiad 2018"]
[Site "Batumi"]
[Date "2018.09.26"]
[Round "3"]
[Board "4"]
[WhiteFideId "7900856"]
[White "Belouadah Saad"]
[BlackFideId "603767"]
[Black "Bauer Christian"]
[Result "0-1"]
[LiveChessVersion "1.4.8"]
[BlackElo "2629"]
[WhiteElo "2413"]

1. d4 {[%clk 1:30:44]} Nf6 {[%clk 1:30:49]} 2. Nf3 {[%clk 1:31:05]} d6
{[%clk 1:30:30]} 3. Nc3 {[%clk 1:30:01]} g6 {[%clk 1:29:25]} 4. e4
{[%clk 1:29:55]} Bg7 {[%clk 1:29:22]} 5. h3 {[%clk 1:24:18]} O-O {[%clk 1:27:34]}
6. Bg5 {[%clk 1:24:25]} a6 {[%clk 1:25:11]} 7. Bd3 {[%clk 1:16:07]} Nc6
{[%clk 1:22:01]} 8. O-O {[%clk 1:13:23]} h6 {[%clk 1:19:38]} 9. Be3
{[%clk 1:12:55]} e5 {[%clk 1:19:00]} 10. dxe5 {[%clk 1:09:27]} dxe5
{[%clk 1:18:37]} 11. Bc4 {[%clk 1:09:46]} b6 {[%clk 1:08:20]} 12. Qxd8
{[%clk 0:36:02]} Rxd8 {[%clk 1:07:53]} 13. Rfd1 {[%clk 0:36:17]} Bb7
{[%clk 1:06:53]} 14. Nd5 {[%clk 0:34:57]} Ne8 {[%clk 1:01:41]} 15. a3
{[%clk 0:26:56]} Kf8 {[%clk 0:54:34]} 16. c3 {[%clk 0:24:32]} Ne7
{[%clk 0:46:48]} 17. Ba2 {[%clk 0:21:43]} Nxd5 {[%clk 0:34:47]} 18. exd5
{[%clk 0:15:03]} Nd6 {[%clk 0:31:17]} 19. c4 {[%clk 0:13:30]} Nf5
{[%clk 0:29:49]} 20. Rac1 {[%clk 0:13:43]} e4 {[%clk 0:26:55]} 21. Nd4
{[%clk 0:12:12]} Nxe3 {[%clk 0:26:54]} 22. fxe3 {[%clk 0:12:41]} Be5
{[%clk 0:25:39]} 23. Bb1 {[%clk 0:09:50]} Re8 {[%clk 0:25:20]} 24. Bxe4
{[%clk 0:09:08]} Bf6 {[%clk 0:17:32]} 25. Bf3 {[%clk 0:09:30]} Rxe3
{[%clk 0:17:52]} 26. c5 {[%clk 0:09:08]} bxc5 {[%clk 0:17:47]} 27. Rxc5
{[%clk 0:09:31]} Re1+ {[%clk 0:17:47]} 0-1

[Event "World Chess Olympiad 2018"]
[Site "Batumi"]
[Date "2018.09.26"]
[Round "3"]
[Board "2"]
[WhiteFideId "1118358"]
[White "Wojtaszek Radoslaw"]
[BlackFideId "1900021"]
[Black "Fernandes Antonio"]
[Result "1-0"]
[LiveChessVersion "1.4.8"]
[BlackElo "2389"]
[WhiteElo "2727"]

1. c4 {[%clk 1:30:57]} c6 {[%clk 1:29:58]} 2. Nf3 {[%clk 1:30:56]} Nf6
{[%clk 1:30:17]} 3. Nc3 {[%clk 1:31:07]} d5 {[%clk 1:30:37]} 4. e3
{[%clk 1:30:54]} e6 {[%clk 1:25:52]} 5. b3 {[%clk 1:30:23]} Nbd7 {[%clk 1:25:00]}
6. Qc2 {[%clk 1:29:31]} Be7 {[%clk 1:19:26]} 7. Bb2 {[%clk 1:28:44]} O-O
{[%clk 1:19:45]} 8. d4 {[%clk 1:26:57]} b6 {[%clk 1:10:51]} 9. Bd3
{[%clk 1:24:06]} Bb7 {[%clk 1:05:53]} 10. O-O {[%clk 1:24:24]} Rc8
{[%clk 0:58:31]} 11. Rad1 {[%clk 1:22:06]} Qc7 {[%clk 0:20:04]} 12. e4
{[%clk 1:19:46]} dxe4 {[%clk 0:18:51]} 13. Nxe4 {[%clk 1:20:06]} Nxe4
{[%clk 0:16:51]} 14. Bxe4 {[%clk 1:20:27]} h6 {[%clk 0:09:15]} 15. Rfe1
{[%clk 1:04:43]} Rfd8 {[%clk 0:09:07]} 16. Bh7+ {[%clk 0:57:07]} Kh8
{[%clk 0:08:28]} 17. Bd3 {[%clk 0:57:29]} Bf6 {[%clk 0:08:23]} 18. c5
{[%clk 0:51:04]} bxc5 {[%clk 0:07:52]} 19. Ne5 {[%clk 0:50:51]} Nxe5
{[%clk 0:05:32]} 20. dxe5 {[%clk 0:51:15]} Be7 {[%clk 0:05:17]} 21. Qc4
{[%clk 0:51:37]} Bf8 {[%clk 0:02:44]} 22. h4 {[%clk 0:49:58]} h5 {[%clk 0:00:55]}
23. g4 {[%clk 0:50:23]} 1-0

[Event "World Chess Olympiad 2018"]
[Site "Batumi"]
[Date "2018.09.26"]
[Round "3"]
[Board "3"]
[WhiteFideId "1900030"]
[White "Damaso Rui"]
[BlackFideId "1130420"]
[Black "Piorun Kacper"]
[Result "1/2-1/2"]
[LiveChessVersion "1.4.8"]
[BlackElo "2612"]
[WhiteElo "2440"]

1. e4 {[%clk 1:30:51]} c6 {[%clk 1:30:53]} 2. Nc3 {[%clk 1:30:51]} d5
{[%clk 1:31:18]} 3. Nf3 {[%clk 1:31:17]} Nf6 {[%clk 1:31:43]} 4. e5
{[%clk 1:31:16]} Ne4 {[%clk 1:32:07]} 5. Be2 {[%clk 1:30:28]} e6 {[%clk 1:27:59]}
6. O-O {[%clk 1:29:11]} Be7 {[%clk 1:27:46]} 7. d4 {[%clk 1:25:23]} c5
{[%clk 1:20:52]} 8. dxc5 {[%clk 1:21:38]} Nxc5 {[%clk 1:20:05]} 9. b4
{[%clk 1:14:35]} Ncd7 {[%clk 1:20:17]} 10. Nb5 {[%clk 1:14:08]} O-O
{[%clk 1:08:04]} 11. c4 {[%clk 1:00:55]} dxc4 {[%clk 1:00:33]} 12. Bxc4
{[%clk 0:42:24]} Nc6 {[%clk 0:56:42]} 13. Bf4 {[%clk 0:38:24]} a6
{[%clk 0:48:54]} 14. Nd6 {[%clk 0:34:03]} Ndxe5 {[%clk 0:48:43]} 15. Nxe5
{[%clk 0:33:46]} Qxd6 {[%clk 0:49:08]} 16. Qe2 {[%clk 0:31:02]} Qd4
{[%clk 0:36:21]} 17. Nxc6 {[%clk 0:26:12]} bxc6 {[%clk 0:36:41]} 18. Be5
{[%clk 0:26:36]} Qh4 {[%clk 0:37:05]} 19. Rad1 {[%clk 0:25:05]} Bxb4
{[%clk 0:20:21]} 20. Rd4 {[%clk 0:15:39]} Qe7 {[%clk 0:20:49]} 21. Bd3
{[%clk 0:11:07]} f5 {[%clk 0:13:37]} 22. Bxg7 {[%clk 0:10:40]} Kxg7
{[%clk 0:11:54]} 23. Qb2 {[%clk 0:10:57]} e5 {[%clk 0:09:23]} 24. Rxb4
{[%clk 0:11:14]} Qf6 {[%clk 0:09:43]} 25. Qc1 {[%clk 0:11:09]} Be6
{[%clk 0:06:27]} 26. Rb6 {[%clk 0:09:16]} Bd5 {[%clk 0:06:04]} 27. Bc4
{[%clk 0:09:02]} Qe7 {[%clk 0:03:13]} 28. Re1 {[%clk 0:07:05]} Rfb8
{[%clk 0:02:26]} 29. Rxb8 {[%clk 0:06:18]} Rxb8 {[%clk 0:02:55]} 30. Bxa6
{[%clk 0:06:41]} Bxa2 {[%clk 0:01:12]} 31. Qxc6 {[%clk 0:06:00]} Rb1
{[%clk 0:01:20]} 32. Rxb1 {[%clk 0:05:28]} Bxb1 {[%clk 0:01:47]} 33. Qb7
{[%clk 0:04:44]} 1/2-1/2

[Event "World Chess Olympiad 2018"]
[Site "Batumi"]
[Date "2018.09.26"]
[Round "3"]
[Board "4"]
[WhiteFideId "1134167"]
[White "Dragun Kamil"]
[BlackFideId "1917617"]
[Black "Sousa Andre Ventura"]
[Result "1-0"]
[LiveChessVersion "1.4.8"]
[BlackElo "2365"]
[WhiteElo "2568"]

1. d4 {[%clk 1:30:47]} Nf6 {[%clk 1:30:50]} 2. c4 {[%clk 1:31:10]} e6
{[%clk 1:31:14]} 3. Nf3 {[%clk 1:31:15]} d5 {[%clk 1:31:37]} 4. Nc3
{[%clk 1:31:33]} Bb4 {[%clk 1:31:59]} 5. cxd5 {[%clk 1:31:43]} exd5
{[%clk 1:32:17]} 6. Bf4 {[%clk 1:31:58]} Ne4 {[%clk 1:25:49]} 7. Rc1
{[%clk 1:31:34]} O-O {[%clk 1:24:14]} 8. e3 {[%clk 1:26:42]} c5 {[%clk 1:15:07]}
9. dxc5 {[%clk 1:26:16]} Qa5 {[%clk 1:09:29]} 10. Bd3 {[%clk 1:25:41]} Nd7
{[%clk 1:03:27]} 11. O-O {[%clk 1:18:44]} Bxc3 {[%clk 1:02:13]} 12. bxc3
{[%clk 1:18:42]} Ndxc5 {[%clk 1:02:09]} 13. Bb1 {[%clk 1:07:14]} Bg4
{[%clk 0:40:28]} 14. Qc2 {[%clk 1:00:52]} Bd7 {[%clk 0:29:28]} 15. Nd4
{[%clk 0:58:03]} Qa4 {[%clk 0:18:25]} 16. Nb3 {[%clk 0:47:03]} Ne6
{[%clk 0:05:35]} 17. f3 {[%clk 0:44:12]} Nxf4 {[%clk 0:04:59]} 18. fxe4
{[%clk 0:44:25]} Ng6 {[%clk 0:05:26]} 19. exd5 {[%clk 0:44:33]} Rac8
{[%clk 0:05:24]} 20. c4 {[%clk 0:41:54]} Bb5 {[%clk 0:04:37]} 21. Rf4
{[%clk 0:39:03]} Ba6 {[%clk 0:03:48]} 22. Rd4 {[%clk 0:38:03]} Qe8
{[%clk 0:03:32]} 23. Qd2 {[%clk 0:36:35]} Qe5 {[%clk 0:03:11]} 24. c5
{[%clk 0:34:42]} f5 {[%clk 0:02:42]} 25. g3 {[%clk 0:23:54]} Rce8
{[%clk 0:02:21]} 26. d6 {[%clk 0:20:48]} Qxe3+ {[%clk 0:01:19]} 27. Qxe3
{[%clk 0:21:13]} Rxe3 {[%clk 0:01:48]} 28. d7 {[%clk 0:21:35]} Rd8
{[%clk 0:02:15]} 29. c6 {[%clk 0:21:44]} bxc6 {[%clk 0:02:40]} 30. Nc5
{[%clk 0:21:39]} Bb5 {[%clk 0:02:14]} 31. a4 {[%clk 0:19:31]} Ne5
{[%clk 0:02:36]} 32. axb5 {[%clk 0:19:17]} Re2 {[%clk 0:03:02]} 33. Rf1
{[%clk 0:17:54]} 1-0

[Event "World Chess Olympiad 2018"]
[Site "Batumi"]
[Date "2018.09.26"]
[Round "3"]
[Board "2"]
[WhiteFideId "5202213"]
[White "So Wesley"]
[BlackFideId "1007998"]
[Black "L'Ami Erwin"]
[Result "1-0"]
[LiveChessVersion "1.4.8"]
[BlackElo "2639"]
[WhiteElo "2776"]

1. e4 {[%clk 1:30:56]} e5 {[%clk 1:30:49]} 2. Nf3 {[%clk 1:31:17]} Nc6
{[%clk 1:31:08]} 3. Bb5 {[%clk 1:31:41]} Nf6 {[%clk 1:31:15]} 4. d3
{[%clk 1:32:01]} d6 {[%clk 1:30:52]} 5. O-O {[%clk 1:32:03]} g6 {[%clk 1:30:34]}
6. d4 {[%clk 1:26:47]} Bd7 {[%clk 1:29:49]} 7. d5 {[%clk 1:27:12]} Ne7
{[%clk 1:27:10]} 8. Bxd7+ {[%clk 1:27:33]} Nxd7 {[%clk 1:24:01]} 9. c4
{[%clk 1:25:05]} Bg7 {[%clk 1:23:16]} 10. Be3 {[%clk 1:25:15]} h6
{[%clk 1:20:49]} 11. Nfd2 {[%clk 1:20:50]} f5 {[%clk 1:18:18]} 12. f3
{[%clk 1:17:54]} f4 {[%clk 1:13:50]} 13. Bf2 {[%clk 1:18:08]} g5 {[%clk 1:13:38]}
14. Nc3 {[%clk 1:18:17]} Ng6 {[%clk 1:07:57]} 15. c5 {[%clk 1:08:54]} Nxc5
{[%clk 0:59:51]} 16. Bxc5 {[%clk 1:07:58]} dxc5 {[%clk 1:00:13]} 17. Qb3
{[%clk 1:08:20]} b6 {[%clk 0:58:05]} 18. d6 {[%clk 0:46:58]} Qxd6
{[%clk 0:54:28]} 19. Nc4 {[%clk 0:46:41]} Qc6 {[%clk 0:52:45]} 20. Rfd1
{[%clk 0:46:36]} Nf8 {[%clk 0:37:41]} 21. Rd5 {[%clk 0:36:25]} Ne6
{[%clk 0:32:13]} 22. Nxe5 {[%clk 0:36:41]} Bxe5 {[%clk 0:31:30]} 23. Rxe5
{[%clk 0:37:09]} c4 {[%clk 0:31:27]} 24. Qa3 {[%clk 0:32:19]} Kf7
{[%clk 0:25:40]} 25. Rf5+ {[%clk 0:25:35]} Kg6 {[%clk 0:25:36]} 26. Nd5
{[%clk 0:25:59]} Qc5+ {[%clk 0:20:36]} 27. Qxc5 {[%clk 0:25:50]} Nxc5
{[%clk 0:20:59]} 28. Rf6+ {[%clk 0:25:24]} Kg7 {[%clk 0:20:04]} 29. Rc6
{[%clk 0:25:19]} Rhe8 {[%clk 0:10:56]} 30. Rxc7+ {[%clk 0:13:53]} Kg6
{[%clk 0:10:52]} 31. h4 {[%clk 0:14:08]} Rad8 {[%clk 0:06:50]} 32. h5+
{[%clk 0:12:32]} Kxh5 {[%clk 0:07:14]} 33. Nf6+ {[%clk 0:12:57]} Kh4
{[%clk 0:07:18]} 34. Nxe8 {[%clk 0:09:35]} Rxe8 {[%clk 0:07:37]} 35. Kh2
{[%clk 0:09:52]} g4 {[%clk 0:05:18]} 36. Rh1 {[%clk 0:07:37]} g3+
{[%clk 0:05:05]} 37. Kg1+ {[%clk 0:08:07]} Kg5 {[%clk 0:05:30]} 38. Kf1
{[%clk 0:06:52]} Rd8 {[%clk 0:04:08]} 39. Ke2 {[%clk 0:07:15]} Ne6
{[%clk 0:04:32]} 40. Rxc4 {[%clk 0:34:27]} Nd4+ {[%clk 0:34:50]} 41. Ke1
{[%clk 0:33:53]} h5 {[%clk 0:32:08]} 42. Rc7 {[%clk 0:32:34]} Kg6
{[%clk 0:24:10]} 43. Rc3 {[%clk 0:26:58]} Kg5 {[%clk 0:18:15]} 44. Rd3
{[%clk 0:18:59]} h4 {[%clk 0:12:56]} 45. Kd1 {[%clk 0:18:10]} a5 {[%clk 0:08:14]}
46. a4 {[%clk 0:16:38]} Rd6 {[%clk 0:06:51]} 47. e5 {[%clk 0:13:14]} Rd8
{[%clk 0:06:44]} 48. Rd2 {[%clk 0:13:30]} Kh5 {[%clk 0:05:56]} 49. Re1
{[%clk 0:10:08]} h3 {[%clk 0:03:34]} 50. gxh3 {[%clk 0:09:02]} Kh4
{[%clk 0:01:24]} 51. e6 {[%clk 0:09:06]} Nxe6 {[%clk 0:01:40]} 52. Rxe6
{[%clk 0:09:26]} 1-0

[Event "World Chess Olympiad 2018"]
[Site "Batumi"]
[Date "2018.09.26"]
[Round "3"]
[Board "4"]
[WhiteFideId "2004887"]
[White "Shankland Samuel"]
[BlackFideId "1039784"]
[Black "Van Foreest Jorden"]
[Result "1-0"]
[LiveChessVersion "1.4.8"]
[BlackElo "2624"]
[WhiteElo "2722"]

1. d4 {[%clk 1:30:52]} d5 {[%clk 1:30:49]} 2. Nf3 {[%clk 1:31:16]} Nf6
{[%clk 1:31:07]} 3. c4 {[%clk 1:31:33]} c6 {[%clk 1:31:24]} 4. e3
{[%clk 1:31:58]} Bg4 {[%clk 1:31:39]} 5. cxd5 {[%clk 1:32:15]} Bxf3
{[%clk 1:30:29]} 6. Qxf3 {[%clk 1:32:40]} cxd5 {[%clk 1:30:48]} 7. Bd3
{[%clk 1:32:51]} Nc6 {[%clk 1:29:48]} 8. O-O {[%clk 1:32:57]} e6 {[%clk 1:28:29]}
9. Nc3 {[%clk 1:32:55]} Be7 {[%clk 1:27:03]} 10. Bd2 {[%clk 1:31:11]} O-O
{[%clk 1:24:02]} 11. Qh3 {[%clk 1:29:48]} Nb4 {[%clk 1:12:30]} 12. Bb1
{[%clk 1:28:23]} Qb6 {[%clk 1:12:35]} 13. a3 {[%clk 1:16:22]} Nc6
{[%clk 1:11:29]} 14. b4 {[%clk 1:16:46]} a5 {[%clk 1:02:19]} 15. b5
{[%clk 1:17:05]} Na7 {[%clk 1:02:45]} 16. Bd3 {[%clk 1:16:34]} Nc8
{[%clk 1:03:02]} 17. Rfc1 {[%clk 1:14:01]} Nd6 {[%clk 1:01:17]} 18. Na4
{[%clk 1:12:25]} Qd8 {[%clk 1:01:32]} 19. Qf3 {[%clk 1:10:35]} Nd7
{[%clk 0:51:45]} 20. Qd1 {[%clk 1:04:14]} Nb6 {[%clk 0:45:38]} 21. Nxb6
{[%clk 1:02:32]} Qxb6 {[%clk 0:46:02]} 22. Qa4 {[%clk 1:02:59]} Rfc8
{[%clk 0:41:37]} 23. Rxc8+ {[%clk 1:02:53]} Nxc8 {[%clk 0:42:04]} 24. Rc1
{[%clk 1:02:40]} Qd8 {[%clk 0:42:24]} 25. Rc3 {[%clk 0:58:13]} g6
{[%clk 0:39:52]} 26. g3 {[%clk 0:53:18]} Nb6 {[%clk 0:39:49]} 27. Qc2
{[%clk 0:53:40]} Bd6 {[%clk 0:36:30]} 28. Kg2 {[%clk 0:49:48]} Qf8
{[%clk 0:36:20]} 29. Bc1 {[%clk 0:48:33]} Rc8 {[%clk 0:34:11]} 30. e4
{[%clk 0:47:48]} Rxc3 {[%clk 0:27:58]} 31. Qxc3 {[%clk 0:48:13]} Qc8
{[%clk 0:28:16]} 32. Qxc8+ {[%clk 0:48:33]} Nxc8 {[%clk 0:28:42]} 33. e5
{[%clk 0:48:56]} Be7 {[%clk 0:28:44]} 34. a4 {[%clk 0:48:17]} Bb4
{[%clk 0:23:46]} 35. Kf3 {[%clk 0:47:07]} Nb6 {[%clk 0:24:06]} 36. Bc2
{[%clk 0:47:31]} Bc3 {[%clk 0:22:49]} 37. Ke3 {[%clk 0:47:41]} Bb2
{[%clk 0:20:11]} 38. Bxb2 {[%clk 0:47:55]} Nc4+ {[%clk 0:20:06]} 39. Ke2
{[%clk 0:48:20]} Nxb2 {[%clk 0:20:29]} 40. Bb3 {[%clk 1:18:47]} b6
{[%clk 0:46:39]} 41. Kd2 {[%clk 1:19:12]} h6 {[%clk 0:46:13]} 42. Kc3
{[%clk 1:19:35]} Nxa4+ {[%clk 0:46:41]} 43. Bxa4 {[%clk 1:20:00]} Kf8
{[%clk 0:46:33]} 44. Kd3 {[%clk 1:20:17]} Ke7 {[%clk 0:46:57]} 45. Ke3
{[%clk 1:20:39]} Kf8 {[%clk 0:47:22]} 46. Kf4 {[%clk 1:19:16]} Kg7
{[%clk 0:47:26]} 1-0

[Event "World Chess Olympiad 2018"]
[Site "Batumi"]
[Date "2018.09.26"]
[Round "3"]
[Board "1"]
[WhiteFideId "3801497"]
[White "Cordova Emilio"]
[BlackFideId "8603677"]
[Black "Ding Liren"]
[Result "0-1"]
[LiveChessVersion "1.4.8"]
[BlackElo "2804"]
[WhiteElo "2609"]

1. Nf3 {[%clk 1:30:56]} g6 {[%clk 1:30:53]} 2. d4 {[%clk 1:30:51]} Nf6
{[%clk 1:31:06]} 3. g3 {[%clk 1:31:07]} Bg7 {[%clk 1:31:26]} 4. Bg2
{[%clk 1:31:29]} O-O {[%clk 1:31:49]} 5. O-O {[%clk 1:31:29]} d5 {[%clk 1:32:13]}
6. c4 {[%clk 1:31:13]} c6 {[%clk 1:32:33]} 7. Nbd2 {[%clk 1:26:00]} a5
{[%clk 1:31:58]} 8. b3 {[%clk 1:25:38]} a4 {[%clk 1:31:11]} 9. Bb2
{[%clk 1:23:52]} Ne4 {[%clk 1:17:12]} 10. Nxe4 {[%clk 0:53:12]} dxe4
{[%clk 1:16:53]} 11. Ne1 {[%clk 0:50:39]} c5 {[%clk 1:05:52]} 12. Nc2
{[%clk 0:50:20]} Nc6 {[%clk 1:06:09]} 13. e3 {[%clk 0:49:26]} f5 {[%clk 1:06:02]}
14. Bc3 {[%clk 0:40:49]} Qc7 {[%clk 0:45:21]} 15. Na3 {[%clk 0:19:53]} cxd4
{[%clk 0:33:10]} 16. Nb5 {[%clk 0:20:06]} Qb8 {[%clk 0:30:21]} 17. exd4
{[%clk 0:19:39]} Nxd4 {[%clk 0:25:12]} 18. Bxd4 {[%clk 0:12:18]} Rd8
{[%clk 0:25:37]} 19. Bb6 {[%clk 0:07:48]} Rxd1 {[%clk 0:25:49]} 20. Raxd1
{[%clk 0:08:14]} Be6 {[%clk 0:22:11]} 21. Nc7 {[%clk 0:07:57]} Kf7
{[%clk 0:22:34]} 22. f3 {[%clk 0:04:15]} Ra6 {[%clk 0:20:24]} 23. Nxa6
{[%clk 0:04:14]} bxa6 {[%clk 0:20:53]} 24. c5 {[%clk 0:04:39]} e3
{[%clk 0:20:27]} 25. Rfe1 {[%clk 0:03:45]} f4 {[%clk 0:20:08]} 26. Bf1
{[%clk 0:00:45]} g5 {[%clk 0:11:34]} 27. Rd3 {[%clk 0:00:32]} fxg3
{[%clk 0:10:24]} 28. h3 {[%clk 0:00:32]} Qf4 {[%clk 0:09:42]} 29. Kg2
{[%clk 0:00:31]} Bxh3+ {[%clk 0:09:52]} 0-1

[Event "World Chess Olympiad 2018"]
[Site "Batumi"]
[Date "2018.09.26"]
[Round "3"]
[Board "2"]
[WhiteFideId "8603820"]
[White "Yu Yangyi"]
[BlackFideId "3804623"]
[Black "Vera Siguenas Deivy"]
[Result "1-0"]
[LiveChessVersion "1.4.8"]
[BlackElo "2494"]
[WhiteElo "2765"]

1. d4 {[%clk 1:30:55]} Nf6 {[%clk 1:30:55]} 2. Nf3 {[%clk 1:31:07]} e6
{[%clk 1:31:16]} 3. g3 {[%clk 1:29:29]} b5 {[%clk 1:31:06]} 4. e3
{[%clk 1:28:25]} b4 {[%clk 1:29:01]} 5. a3 {[%clk 1:27:34]} Bb7 {[%clk 1:28:23]}
6. axb4 {[%clk 1:23:04]} Bxb4+ {[%clk 1:28:48]} 7. Nbd2 {[%clk 1:21:56]} O-O
{[%clk 1:20:13]} 8. Bg2 {[%clk 1:22:16]} Be7 {[%clk 1:14:31]} 9. Nb3
{[%clk 1:09:09]} d5 {[%clk 0:57:16]} 10. O-O {[%clk 1:05:00]} Qc8
{[%clk 0:56:58]} 11. Na5 {[%clk 1:00:41]} Ba6 {[%clk 0:54:38]} 12. c4
{[%clk 1:00:33]} Ne4 {[%clk 0:39:16]} 13. Nd2 {[%clk 0:56:20]} f5
{[%clk 0:37:17]} 14. Nxe4 {[%clk 0:51:08]} fxe4 {[%clk 0:37:41]} 15. b3
{[%clk 0:51:18]} Nd7 {[%clk 0:30:09]} 16. Nc6 {[%clk 0:41:13]} Bf6
{[%clk 0:29:25]} 17. Ba3 {[%clk 0:33:32]} Re8 {[%clk 0:28:54]} 18. Qg4
{[%clk 0:30:51]} Nb8 {[%clk 0:24:08]} 19. Na5 {[%clk 0:28:00]} Qd8
{[%clk 0:21:24]} 20. f3 {[%clk 0:22:21]} exf3 {[%clk 0:16:42]} 21. Rxf3
{[%clk 0:22:35]} c6 {[%clk 0:16:56]} 22. Raf1 {[%clk 0:19:49]} Kh8
{[%clk 0:16:50]} 23. Qh5 {[%clk 0:15:21]} Rg8 {[%clk 0:15:41]} 24. g4
{[%clk 0:12:38]} g6 {[%clk 0:14:10]} 25. Qh3 {[%clk 0:12:33]} Bg7
{[%clk 0:12:21]} 26. Rf7 {[%clk 0:10:17]} Qxa5 {[%clk 0:06:52]} 27. Bd6
{[%clk 0:07:58]} Qd8 {[%clk 0:05:05]} 28. R1f3 {[%clk 0:07:19]} g5
{[%clk 0:03:48]} 29. Qh5 {[%clk 0:05:36]} 1-0